Sports Quiz

Random Sports or Baseball Quiz

Baseball's 100 Greatest Players Quiz Stats

 Plays Quiz not verified by Sporcle

Support Sporcle.
Go Orange.
Score 0/100 Timer 12:00
0 Plays Today
Number Player (* Indicates Negro League player) % Correct
1Babe Ruth
99.4%
2Willie Mays
93.2%
17Mickey Mantle
93.1%
8Ted Williams
92.4%
6Lou Gehrig
91.4%
4Walter Johnson
91.2%
44Jackie Robinson
91%
5Hank Aaron
90.5%
22Frank Robinson
90.3%
80Brooks Robinson
90.2%
3Ty Cobb
90%
34Barry Bonds
88.2%
11Joe DiMaggio
87.9%
48Reggie Jackson
86.1%
35'Shoeless' Joe Jackson
85.7%
25Pete Rose
83.2%
18*Josh Gibson
82.5%
31Bob Gibson
82.5%
14Cy Young
82.3%
40Yogi Berra
81.6%
16Johnny Bench
80.9%
13Honus Wagner
79.3%
93Ken Griffey, Jr.
79.2%
78Cal Ripken, Jr.
79.1%
10Stan Musial
79.1%
26Sandy Koufax
78.7%
28Mike Schmidt
78.5%
41Nolan Ryan
77.9%
20Roberto Clemente
77.2%
53Roger Clemens
77.1%
19Satchel Paige
75.4%
15Jimmie Foxx
73.7%
60Joe Morgan
72.7%
91Mark McGwire
71.4%
Number Player (* Indicates Negro League player) % Correct
32Tom Seaver
70.7%
87Ozzie Smith
70.6%
69Harmon Killebrew
70.5%
38Ernie Banks
70.2%
55George Brett
69.7%
51Rickey Henderson
69.5%
56Willie McCovey
69.4%
63Eddie Mathews
68.8%
7Christy Mathewson
68%
39Greg Maddux
67.6%
81Willie Stargell
67.5%
42Mel Ott
65.8%
9Rogers Hornsby
65.7%
49Tony Gwynn
65.6%
30Steve Carlton
65.5%
52Whitey Ford
64.5%
76Al Kaline
63.3%
72Carl Yastrzemski
62.3%
95Wade Boggs
60.8%
83Duke Snider
60.7%
37Hank Greenberg
60.5%
27Tris Speaker
60%
21Warren Spahn
59.4%
77Eddie Murray
59.3%
64Jim Palmer
57.9%
99Paul Molitor
57.5%
61Rod Carew
56.6%
36Bob Feller
55.4%
94Dave Winfield
54.9%
29Nap Lajoie
54.7%
50Roy Campanella
54.1%
12Grover Cleveland Alexander
53.6%
66*Cool Papa Bell
53.2%
23Lefty Grove
53%
Number Player (* Indicates Negro League player) % Correct
58Lou Brock
53%
86Kirby Puckett
49.4%
98Dennis Eckersley
47.8%
90Ralph Kiner
47.4%
24Eddie Collins
45.3%
71Juan Marichal
45%
62Paul Waner
44.2%
97Gaylord Perry
43.4%
96Rollie Fingers
42.8%
85Dizzy Dean
41.6%
46Charlie Gehringer
40.2%
74Robin Roberts
40%
57Bill Dickey
39.5%
43Al Simmons
38.8%
33George Sisler
37%
65Mickey Cochrane
33.6%
45Carl Hubbell
31.8%
73Lefty Gomez
31.5%
84Sam Crawford
30.4%
67*Oscar Charleston
29.1%
70Pie Traynor
28.5%
75'Wee' Willie Keeler
28.1%
92Chuck Klein
27.7%
88Frankie Frisch
26.9%
100Early Wynn
26.2%
59Bill Terry
25.8%
79Joe Medwick
25.5%
54Harry Heilmann
24.9%
68Eddie Plank
24.7%
89Goose Goslin
20.1%
47*Buck Leonard
19.3%
82Ed Walsh
19.1%

You're not logged in!

Compare scores with friends on all Sporcle quizzes.
OR
Log In

From the Vault

Gimme Five: History & Government II

by MSUKent

Uncle Sam wants you...to give him a high five.
Remove Ads.
Support Sporcle.
Get the best of Sporcle when you Go Orange. This ad-free experience offers more features, more stats, and more fun while also helping to support Sporcle. Thank you for becoming a member.

Show Comments

Extras

Top Quizzes Today


Score Distribution

Your Account Isn't Verified!

In order to create a playlist on Sporcle, you need to verify the email address you used during registration. Go to your Sporcle Settings to finish the process.

Report this User

Report this user for behavior that violates our Community Guidelines.

Details: